Zerbrechlichkeit : über Fragmente in der Literatur

Gespeichert in:
Bibliographische Detailangaben
VerfasserIn: Burdorf, Dieter (VerfasserIn)
Dokumenttyp: Buch
Sprache:German
Veröffentlicht: Göttingen : Wallstein Verlag , [2020]
Schriftenreihe:Kleine Schriften zur literarischen Ästhetik und Hermeneutik Bd. 12
Schlagwörter:
Online Zugang:Inhaltstext
Inhaltsverzeichnis
Rezension
Bibliogr. Hinweis:Erscheint auch als: Zerbrechlichkeit
Rezensiert in: Weit mehr als ein Bruchstück
Rezensiert in: [Rezension von: Burdorf, Dieter, 1960-, Zerbrechlichkeit]
Rezensiert in: [Rezension von: Dieter Burdorf, Zerbrechlichkeit. Über Fragmente in der Literatur]
Verantwortlich:Dieter Burdorf
LEADER 06461cam a2201033 c 4500
001 1683761219
003 DE-627
005 20260418125735.0
007 tu
008 191128s2020 gw ||||| 00| ||ger c
015 |a 19,N48  |2 dnb 
015 |a 19,N48  |2 dnb 
016 7 |a 1200040805  |2 DE-101 
020 |a 9783835336551  |q Broschur : circa EUR 14.90 (DE), circa EUR 15.40 (AT)  |9 978-3-8353-3655-1 
020 |a 383533655X  |9 3-8353-3655-X 
024 3 |a 9783835336551 
035 |a (DE-627)1683761219 
035 |a (DE-603)461057727 
035 |a (DE-599)DNB1200040805 
035 |a (OCoLC)1164632557 
035 |a (OCoLC)1158431661 
035 |a (OCoLC)1157232788 
040 |a DE-627  |b ger  |c DE-627  |e rda 
041 |a ger 
044 |c XA-DE-NI 
072 7 |a Literaturwissenschaft  |2 bicssc 
082 0 |a 830.9384  |q DE-101 
082 0 4 |a 830  |a 800  |q DE-101 
084 |a EC 1980  |q DE-14/sred  |2 rvk  |0 (DE-625)rvk/20454: 
084 |a EC 5410  |2 rvk  |0 (DE-625)rvk/20606: 
084 |a GE 6086  |2 rvk  |0 (DE-625)rvk/39160: 
084 |a EC 7325  |2 rvk  |0 (DE-625)rvk/20792: 
084 |a GB 1750  |2 rvk  |0 (DE-625)rvk/38075: 
084 |a 17.89  |2 bkl 
084 |a 18.00  |2 bkl 
084 |a 17.93  |2 bkl 
100 1 |a Burdorf, Dieter  |d 1960-  |e VerfasserIn  |0 (DE-588)115715398  |0 (DE-627)077424239  |0 (DE-576)17032916X  |4 aut 
245 1 0 |a Zerbrechlichkeit  |b über Fragmente in der Literatur  |c Dieter Burdorf 
264 1 |a Göttingen  |b Wallstein Verlag  |c [2020] 
264 4 |c © 2020 
300 |a 135 Seiten  |b Illustrationen  |c 21 cm 
336 |a Text  |b txt  |2 rdacontent 
337 |a ohne Hilfsmittel zu benutzen  |b n  |2 rdamedia 
338 |a Band  |b nc  |2 rdacarrier 
490 1 |a Kleine Schriften zur literarischen Ästhetik und Hermeneutik  |v Bd. 12 
583 1 |a Archivierung/Langzeitarchivierung gewährleistet  |f PENI  |x XA-DE-NI  |2 pdager  |5 DE-35 
650 0 7 |0 (DE-588)4113292-0  |0 (DE-627)105830437  |0 (DE-576)209475285  |a Deutsch  |2 gnd 
650 0 7 |0 (DE-588)4035964-5  |0 (DE-627)106245015  |0 (DE-576)209015608  |a Literatur  |2 gnd 
650 0 7 |0 (DE-588)4199218-0  |0 (DE-627)105182664  |0 (DE-576)210127244  |a Ruine  |g Motiv  |2 gnd 
650 0 7 |0 (DE-588)4187702-0  |0 (DE-627)105270148  |0 (DE-576)210047569  |a Vergänglichkeit  |g Motiv  |2 gnd 
650 0 7 |0 (DE-588)4155137-0  |0 (DE-627)104151048  |0 (DE-576)209816597  |a Fragment  |2 gnd 
689 0 0 |d s  |0 (DE-588)4113292-0  |0 (DE-627)105830437  |0 (DE-576)209475285  |a Deutsch  |2 gnd 
689 0 1 |d s  |0 (DE-588)4035964-5  |0 (DE-627)106245015  |0 (DE-576)209015608  |a Literatur  |2 gnd 
689 0 2 |d s  |0 (DE-588)4199218-0  |0 (DE-627)105182664  |0 (DE-576)210127244  |a Ruine  |g Motiv  |2 gnd 
689 0 3 |d s  |0 (DE-588)4187702-0  |0 (DE-627)105270148  |0 (DE-576)210047569  |a Vergänglichkeit  |g Motiv  |2 gnd 
689 0 |5 DE-101 
689 1 0 |d s  |0 (DE-588)4035964-5  |0 (DE-627)106245015  |0 (DE-576)209015608  |a Literatur  |2 gnd 
689 1 1 |d s  |0 (DE-588)4155137-0  |0 (DE-627)104151048  |0 (DE-576)209816597  |a Fragment  |2 gnd 
689 1 |5 DE-101 
776 1 |z 9783835344747 
776 0 8 |i Erscheint auch als  |n Online-Ausgabe  |a Burdorf, Dieter, 1960 -   |t Zerbrechlichkeit  |d Göttingen : Wallstein Verlag, 2020  |h 1 Online-Ressource (135 Seiten)  |w (DE-627)1726567265  |z 9783835344747 
787 0 8 |i Rezensiert in  |a Helmes, Günter, 1954 -   |t Weit mehr als ein Bruchstück  |d 2020  |w (DE-627)1728604958 
787 0 8 |i Rezensiert in  |a Braun, Michael, 1937 -   |t [Rezension von: Burdorf, Dieter, 1960-, Zerbrechlichkeit]  |d 2021  |w (DE-627)1767280793 
787 0 8 |i Rezensiert in  |a Haffter, Christoph, 1988 -   |t [Rezension von: Dieter Burdorf, Zerbrechlichkeit. Über Fragmente in der Literatur]  |d 2022  |w (DE-627)1878209434 
787 0 8 |i Rezensiert in  |w (DE-603)471436933 
830 0 |a Kleine Schriften zur literarischen Ästhetik und Hermeneutik  |v Bd. 12  |9 12  |w (DE-627)726121665  |w (DE-576)372147283  |w (DE-600)2681523-0  |7 am 
856 4 2 |u http://deposit.dnb.de/cgi-bin/dokserv?id=426db18877f24cd5abf05350e262440b&prov=M&dok_var=1&dok_ext=htm  |m X:MVB  |q text/html  |v 2019-11-28  |x Verlag  |3 Inhaltstext  |7 1 
856 4 2 |u https://d-nb.info/1200040805/04  |m B:DE-101  |q application/pdf  |v 2021-10-06  |x Verlag  |3 Inhaltsverzeichnis  |7 1 
856 4 2 |u https://literaturkritik.de/public/rezension.php?rez_id=26998  |3 Rezension  |7 1 
935 |a IHoeB 
936 r v |a EC 1980  |b Ästhetik des Häßlichen  |k Allgemeine und vergleichende Sprach- und Literaturwissenschaft. Indogermanistik. Außereuropäische Sprachen und Literaturen  |k Allgemeine und vergleichende Literaturwissenschaft.  |k Literaturtheorie, Literaturphilosophie, Literaturästhetik  |k Einzelne Probleme  |k Literaturästhetiken  |k Ästhetik des Häßlichen  |0 (DE-627)1270748963  |0 (DE-625)rvk/20454:  |0 (DE-576)200748963 
936 r v |a EC 5410  |b Einzelne Stoffe und Motive  |k Allgemeine und vergleichende Sprach- und Literaturwissenschaft. Indogermanistik. Außereuropäische Sprachen und Literaturen  |k Allgemeine und vergleichende Literaturwissenschaft.  |k Literaturgeschichte  |k Stoff- und Motivgeschichte  |k Einzelne Stoffe und Motive  |0 (DE-627)1270710796  |0 (DE-625)rvk/20606:  |0 (DE-576)200710796 
936 r v |a GE 6086  |b Aphorismus, Fragment  |k Germanistik. Niederlandistik. Skandinavistik  |k Deutsche Literatur  |k Literaturgeschichte  |k Geschichte der literarischen Gattungen  |k Epik  |k Erzählende Prosa  |k Aphorismus, Fragment  |0 (DE-627)1270859706  |0 (DE-625)rvk/39160:  |0 (DE-576)200859706 
936 r v |a EC 7325  |b Fragment  |k Allgemeine und vergleichende Sprach- und Literaturwissenschaft. Indogermanistik. Außereuropäische Sprachen und Literaturen  |k Allgemeine und vergleichende Literaturwissenschaft.  |k Literaturgeschichte  |k Geschichte der Literaturgattungen (literarischen Gattungen)  |k Epik  |k Prosa  |k Einfache Formen (Kleinformen)  |k Fragment  |0 (DE-627)1270777890  |0 (DE-625)rvk/20792:  |0 (DE-576)200777890 
936 r v |a GB 1750  |b Sammelwerke und kleinere Schriften von einem Verfasser  |k Germanistik. Niederlandistik. Skandinavistik  |k Germanistik. Allgemeines  |k Sammelwerke und kleinere Schriften von einem Verfasser  |0 (DE-627)1270641409  |0 (DE-625)rvk/38075:  |0 (DE-576)200641409 
936 b k |a 17.89  |j Literaturtheorie: Sonstiges  |0 (DE-627)106404466 
936 b k |a 18.00  |j Einzelne Sprachen und Literaturen allgemein  |0 (DE-627)106405403 
936 b k |a 17.93  |j Literarische Stoffe  |j literarische Motive  |j literarische Themen  |0 (DE-627)106404490 
936 s n |a e100  |2 mzub 
936 s n |a g100  |2 mzub 
951 |a BO 
990 |a Deutsch 
990 |a Literatur 
990 |a Ruine 
990 |a Vergänglichkeit 
990 |a Literatur 
990 |a Fragment 
991 |a Rezensiertes Werk 
999 |a KXP-PPN1683761219  |e 4967440711